[Event "Fomeque op"]
[Site "Fomeque"]
[Date "2023.08.20"]
[Round "4"]
[White "Rodriguez Gonzalez, Isai"]
[Black "Castillo Pinzon, Ricardo Andres"]
[Result "0-1"]
[WhiteElo "1647"]
[BlackElo "1985"]
[PlyCount "48"]
[EventDate "2023.08.19"]
[EventType "swiss"]
[EventRounds "6"]
[EventCountry "COL"]
[SourceTitle "CBM 216 Extra"]
[Source "ChessBase"]
[SourceDate "2023.11.30"]
[SourceVersion "1"]
[SourceVersionDate "2023.11.30"]
[SourceQuality "1"]

1. Nf3 Nf6 2. c4 g6 3. g3 Bg7 4. Bg2 0-0 5. Nc3 d6 6. 0-0 Nbd7 7. d4 c6 8. e4 e5 9. d5 cxd5 10. cxd5 Nc5 11. Re1 a5 12. h3 b6 13. Bg5 h6 14. Be3 Nfxe4 15. Nxe4 Nxe4 16. Nxe5 Nxf2 17. Kxf2 Bxe5 18. Bxh6 Qf6+ 19. Qf3 Bd4+ 20. Ke2 Re8+ 21. Kd2 Bf5 22. g4 Bxb2 23. gxf5 Qd4+ 24. Qd3 Qb4+ 0-1

[Event "Rivera Hernandez Memorial-B"]
[Site "Rivera Huila"]
[Date "2023.07.21"]
[Round "2"]
[White "Gomez Barrero, Sergio"]
[Black "Rodriguez Gonzalez, Isai"]
[Result "1-0"]
[WhiteElo "1954"]
[BlackElo "1643"]
[PlyCount "95"]
[EventDate "2023.07.20"]
[EventType "swiss"]
[EventRounds "7"]
[EventCountry "COL"]
[SourceTitle "CBM 215 Extra"]
[Source "ChessBase"]
[SourceDate "2023.09.30"]
[SourceVersion "1"]
[SourceVersionDate "2023.09.30"]
[SourceQuality "1"]

1. e4 c5 2. Nf3 Nc6 3. Bc4 g6 4. c3 Bg7 5. 0-0 d6 6. h3 Nf6 7. Qe2 0-0 8. d4 cxd4 9. cxd4 Nd7 10. Be3 Nb6 11. Bb3 Bd7 12. Nc3 Rc8 13. Rad1 Na5 14. Nd2 Nxb3 15. axb3 f5 16. f3 f4 17. Bf2 a6 18. Rfe1 Be6 19. Qd3 Bf7 20. d5 Nd7 21. Bd4 Nc5 22. Bxc5 Rxc5 23. Kh1 b5 24. b4 Rc7 25. Nb3 Rc4 26. Na5 Rd4 27. Qc2 Rxd1 28. Rxd1 Qc7 29. Qd2 Be8 30. Ne2 Bd7 31. Nd4 Qb6 32. Ndc6 Rf7 33. Re1 g5 34. e5 dxe5 35. Nxe5 Bxe5 36. Rxe5 Qf6 37. Qd4 h6 38. Nb7 Bf5 39. d6 exd6 40. Qxd6 Kg7 41. Qc5 Rxb7 42. Rxf5 Qe7 43. Qd4+ Kg6 44. Re5 Qf7 45. Qe4+ Kh5 46. h4 Rd7 47. g4+ fxg3 48. hxg5 1-0

[Event "Rivera Hernandez Memorial-B"]
[Site "Rivera Huila"]
[Date "2023.07.21"]
[Round "3"]
[White "Rodriguez Gonzalez, Isai"]
[Black "Jacome Revelo, Daniela Alexandra"]
[Result "1-0"]
[WhiteElo "1643"]
[BlackElo "1273"]
[PlyCount "61"]
[EventDate "2023.07.20"]
[EventType "swiss"]
[EventRounds "7"]
[EventCountry "COL"]
[SourceTitle "CBM 215 Extra"]
[Source "ChessBase"]
[SourceDate "2023.09.30"]
[SourceVersion "1"]
[SourceVersionDate "2023.09.30"]
[SourceQuality "1"]

1. d4 Nf6 2. Nf3 g6 3. c4 Bg7 4. Nc3 0-0 5. e4 d6 6. h3 Nc6 7. d5 Nb8 8. Be3 Re8 9. Qc2 e6 10. Be2 exd5 11. cxd5 Qe7 12. Nd2 c6 13. dxc6 Nxc6 14. a3 Be6 15. 0-0 Rac8 16. Rac1 d5 17. exd5 Nxd5 18. Nxd5 Bxd5 19. Bg4 Ne5 20. Bxc8 Nc6 21. Bg4 Qd6 22. Rfd1 Be5 23. Nc4 Qd8 24. Bf3 b5 25. Rxd5 Qc7 26. Nxe5 Rxe5 27. Qxc6 Qxc6 28. Rxc6 Rxd5 29. Bxd5 a5 30. Bh6 b4 31. Rc8# 1-0

[Event "COL Subzt 2.3.4"]
[Site "Risarald"]
[Date "2021.11.25"]
[Round "5"]
[White "De la Hoz Paternina, Felix Daniel"]
[Black "Rodriguez Gonzalez, Isai"]
[Result "0-1"]
[WhiteElo "1352"]
[BlackElo "1600"]
[PlyCount "98"]
[EventDate "2021.11.23"]
[EventType "swiss"]
[EventRounds "9"]
[EventCountry "COL"]
[SourceTitle "CBM 205 Extra"]
[Source "ChessBase"]
[SourceDate "2022.01.31"]
[SourceVersion "1"]
[SourceVersionDate "2022.01.31"]
[SourceQuality "1"]

1. d4 Nf6 2. c4 e6 3. Nc3 d5 4. Bg5 Be7 5. cxd5 exd5 6. e3 0-0 7. Bd3 c6 8. Qc2 h6 9. Bxf6 Bxf6 10. Nf3 Bg4 11. Be2 Nd7 12. 0-0-0 Re8 13. h3 Bh5 14. g4 Bg6 15. Bd3 Bxd3 16. Qxd3 b5 17. h4 Nf8 18. Rdg1 g6 19. g5 hxg5 20. hxg5 Bg7 21. Nh4 Qe7 22. Rg3 b4 23. Na4 Qe4 24. Qxe4 Rxe4 25. Nc5 Re7 26. f4 Rae8 27. Kd2 Nd7 28. Nxd7 Rxd7 29. f5 gxf5 30. Nxf5 Re6 31. Nxg7 Kxg7 32. Kd3 Rg6 33. Rc1 Kf8 34. Rh3 Ke7 35. Rh6 Rdd6 36. Rxg6 Rxg6 37. Rc5 Kd6 38. Ra5 Rxg5 39. Rxa7 Rg2 40. b3 Rf2 41. Ra4 f5 42. Rxb4 Rxa2 43. Rb7 Rf2 44. Rh7 f4 45. Rh6+ Kc7 46. Rf6 fxe3 47. Rxf2 exf2 48. Ke2 Kb6 49. Kxf2 Kb5 0-1